| 000 | 00492cam a22001577a 4500 | ||
|---|---|---|---|
| 008 | 180718b2001 xxu||||| |||| 00| 0 eng d | ||
| 020 | _a8125018980 | ||
| 082 | _aT19x5 G346 | ||
| 100 | _aGhosh, Jayati | ||
| 245 |
_aCrisis as conquest: learning from East Asia _cby Jayati Ghosh and C.P. Chandrasekhar |
||
| 260 |
_aDelhi _bOrient Longman _c2001 |
||
| 300 | _a137p. | ||
| 650 | _aEast Asia - Economic conditions | ||
| 650 | _aEconomic development - East Asia | ||
| 700 | _aChandrasekhar, C.P. | ||
| 999 |
_c400304 _d400304 |
||